00601cam a2200181 a 450000100100000000500170001000800410002704000250006808200180009310000190011124000560013024500850018626000410027130000280031250000440034065000090038470000260039300000423720241204113952.0791005s1970 mx a 001 0 spa  aDO-SdBNPbspacBNPHU a796.35bA733c1 aArmour, Tommy.10aHow to play your best golf all the time.lEspañol10aCómo jugar siempre mejor golf /cTommy Armour; traducción de Armando Montes. aMéxico :bEditorial Diana ,c1970. a151 p. :bil. ;c23 cm. aIncluye glosario y notas sobre el autor 0aGolf1 aMontes, Armando,etr.